000 00505cam a22002171 4500
001 sa 64002609
003 DLC
005 20260227112011.0
008 940808s1962 ii c 000 0 pano
010 _asa 64002609
025 _aPL480:I-Pu-117
035 _a(OCoLC)30906285
040 _aDLC
_cCU
_dCU
_dDLC
042 _apremarc
050 0 0 _aHQ23
_b.K68
245 0 0 _aKoka shāsatra.
260 _c[1962?]
300 _a2, 128 p.
_bcol. port.
_c19 cm.
500 _aIn Panjabi.
650 0 _aSex.
999 _c57417
_d57417